000
00297nam a2200133Ia 4500
008
260604s9999 xx 000 0 und d
020
_a
9780141371344
082
_a
808.3 DAH
100
_a
ROALD DAHL
_9
35352
245
0
_a
Boy: Tales of Childhood
260
_b
PRH
500
_a
Tales
942
_c
BK
999
_c
8145
_d
8145